Compassionate intercultural care practices for coping with grief : (Record no. 54005)
[ view plain ]
| 000 -LEADER | |
|---|---|
| fixed length control field | 01291nam a22002537a 4500 |
| 005 - DATE AND TIME OF LATEST TRANSACTION | |
| control field | 20250617090959.0 |
| 008 - FIXED-LENGTH DATA ELEMENTS--GENERAL INFORMATION | |
| fixed length control field | 250617b |||||||| |||| 00| 0 eng d |
| 020 ## - INTERNATIONAL STANDARD BOOK NUMBER | |
| International Standard Book Number | 9781839738401 |
| 040 ## - CATALOGING SOURCE | |
| Original cataloging agency | bsop |
| 100 ## - MAIN ENTRY--PERSONAL NAME | |
| Personal name | Harrichand, James Japheth Sudarshan |
| 245 ## - TITLE STATEMENT | |
| Title | Compassionate intercultural care practices for coping with grief : |
| Remainder of title | biblical theology in conversation with pastoral theology / |
| Statement of responsibility, etc | James Japheth Sudarshan Harrichand |
| 264 ## - PRODUCTION, PUBLICATION, DISTRIBUTION, MANUFACTURE STATEMENTS | |
| Place of production, publication, distribution, manufacture | Carlisle : |
| Name of producer, publisher, distributor, manufacturer | <a href="Langham Academic, ">Langham Academic, </a> |
| Date of production, publication, distribution, manufacture | c2024. |
| 300 ## - PHYSICAL DESCRIPTION | |
| Extent | xxiv, 303 pages : illustrations ; 23 cm. |
| 336 ## - CONTENT TYPE | |
| Content Type Term | text |
| 337 ## - MEDIA TYPE | |
| Media Type Term | unmediated |
| 338 ## - CARRIER TYPE | |
| Carrier Type Term | volume |
| 440 ## - SERIES STATEMENT/ADDED ENTRY--TITLE | |
| Title | Studies in theology series |
| 504 10 - BIBLIOGRAPHY, ETC. NOTE | |
| Bibliography, etc | Includes bibliographic references (pages 283-303). |
| 505 0# - FORMATTED CONTENTS NOTE | |
| Formatted contents note | Description of topic and its importance -- Research framework and methodologies -- Anthropological expressions of disorientation in pastoral theology -- Anthropological expressions of disorientation in biblical theology -- Dialectic correlation of anthropological expressions of disorientation : biblical and pastoral theology -- Compassionate intercultural pastoral care practices for coping with grief -- Conclusion. |
| 650 ## - SUBJECT ADDED ENTRY--TOPICAL TERM | |
| Topical term or geographic name as entry element | Cross |
| General subdivision | cultural counseling |
| 650 ## - SUBJECT ADDED ENTRY--TOPICAL TERM | |
| Topical term or geographic name as entry element | Grief |
| General subdivision | Social aspects |
| 650 ## - SUBJECT ADDED ENTRY--TOPICAL TERM | |
| Topical term or geographic name as entry element | Prayer |
| General subdivision | Christianity |
| 942 ## - ADDED ENTRY ELEMENTS (KOHA) | |
| Source of classification or shelving scheme | Library of Congress Classification |
| Item type | Books |
| Withdrawn status | Lost status | Source of classification or shelving scheme | Damaged status | Not for loan | Home library | Current library | Shelving location | Date acquired | Source of acquisition | Inventory number | Total Checkouts | Full call number | Barcode | Date last seen | Price effective from | Koha item type |
|---|---|---|---|---|---|---|---|---|---|---|---|---|---|---|---|---|
| Library of Congress Classification | BSOP Library | BSOP Library | GC | 06/17/2025 | Langham | 49300 | BV4905.3 H23 2024 | 00061594 | 06/17/2025 | 06/17/2025 | Books |
